| 000 | 02452nam0a2200373 4500 | ||
|---|---|---|---|
| 001 | RU\NLR\BIBL_A\012626562 | ||
| 005 | 20220608155152.0 | ||
| 010 |
_a978-5-9275-3606-1 _930 |
||
| 021 |
_aRU _bКН-П-21-035738 _9КН-П-21-2786 |
||
| 035 | _a(NLR Aleph) 012626562 | ||
| 090 |
_a12654218 _c12654218 |
||
| 100 | _a20211020d2020 u y0rusy50 ca | ||
| 101 | 0 | _arus | |
| 102 | _aRU | ||
| 105 | _a z 000zy | ||
| 181 | 0 |
_ai _baxxe |
|
| 182 | 0 | _an | |
| 200 | 1 |
_aМоделирование телекоммуникационных систем и сетей _eучебное пособие _eпо специальности 10.05.02 _fС.А. Ховансков _gМинистерство науки и высшего образования Российской Федерации, Федеральное государственное автономное образовательное учреждение высшего образования "Южный федеральный университет", Инженерно-технологическая академия |
|
| 203 |
_aТекст _bвизуальный _cнепосредственный |
||
| 210 |
_aРостов-на-Дону _aТаганрог _cИзд-во Южного федерального университета _d2020 |
||
| 215 |
_a114, [2] с. _cил. _d20 |
||
| 313 | _aПособие содержит справочный материал по системе моделирования GPSS WORLD. | ||
| 320 | _aБиблиогр.: с. 114-115 (9 назв.) | ||
| 606 | 1 |
_aЭлектросвязь _jУчебные издания для высших учебных заведений _xСистемы _xИмитационное моделирование _92593905 _3RU\NLR\AUTH\661532728 |
|
| 606 | 1 |
_aЭлектрические сети связи _jУчебные издания для высших учебных заведений _xИмитационное моделирование _92578579 _3RU\NLR\AUTH\661524484 |
|
| 606 | 1 |
_aGPSS WORLD, система моделирования _jУчебные издания для высших учебных заведений _92315736 _3RU\NLR\AUTH\661385658 |
|
| 686 | 1 | _aЗ88-01с116я73-1 | |
| 686 | 1 | _aЗ973.3-018я73-1 | |
| 700 | 1 |
_aХовансков _bС. А. _gСергей Андреевич |
|
| 942 | _cBOOK | ||
| 980 | _aNBR | ||
| 980 | _aNB | ||